书目信息 |
| 题名: |
缩微摄影技术讲座
|
|
| 作者: | 吴鸿汉 编译 | |
| 分册: | ||
| 出版信息: | 北京 电子工业出版社 1987.9 |
|
| 页数: | 343页 | |
| 开本: | 19cm | |
| 丛书名: | ||
| 单 册: | ||
| 中图分类: | G357.1 | |
| 科图分类: | ||
| 主题词: | 缩微摄影 | |
| 电子资源: | ||
| ISBN: | 7-5053-0056-3 | |
| 000 | 00813nam0 2200241 45 | |
| 001 | 0188018829 | |
| 005 | 20061028155538.50 | |
| 010 | @a7-5053-0056-3@dCNY2.40 | |
| 020 | @aCN@b88018829 | |
| 100 | @a19910417d1987 ekmy0chiy0120 ea | |
| 101 | 0 | @achi |
| 102 | @aCN@b110000 | |
| 105 | @ay z 000yy | |
| 200 | 10 | @a缩微摄影技术讲座@Asuo wei she ying ji shu jiang zuo@f吴鸿汉等编译@Fwu hong han deng bian yi |
| 210 | @a北京@c电子工业出版社@d1987.9 | |
| 215 | @a343页@d19cm | |
| 330 | @a本书主要介绍缩微摄影的基本概念、缩微胶片的种类、特征及使用的感光材料,缩微品的摄制方法、设备及胶片的保管。 | |
| 540 | 1 | @a缩微摄影技术讲座@Asuo wei she ying ji shu jiang zuo |
| 606 | @a缩微摄影 | |
| 690 | @aG357.1@v1980 | |
| 701 | 0 | @a吴鸿汉@Awu hong han@4编译 |
| 801 | 0 | @aCN@bTSSF@c20061028 |
| 905 | @a10447@dG357.1@e46 | |
| 缩微摄影技术讲座/吴鸿汉等编译.-北京:电子工业出版社,1987.9 |
| 343页;19cm |
| ISBN 7-5053-0056-3:CNY2.40 |
| 本书主要介绍缩微摄影的基本概念、缩微胶片的种类、特征及使用的感光材料,缩微品的摄制方法、设备及胶片的保管。 |
| ● |
| 相关链接 |
|
|
|
|
正题名:缩微摄影技术讲座
索取号:G357.1/46
 
预约/预借
| 序号 | 登录号 | 条形码 | 馆藏地/架位号 | 状态 | 备注 |
| 1 | 0211523 | 000309124 | 第一样本阅览室/ [索取号:G357.1/46] | 在馆 |